Snel typen van 1-50 - Statistieken

Algemene statistieken
  • Deze quiz is 282 keer genomen
  • De gemiddelde score is 24 van 50
Antwoordstatistieken
Nummers % Correct
2
100%
3
100%
4
100%
6
100%
7
100%
8
100%
9
100%
1
98%
5
97%
10
90%
11
89%
12
89%
13
86%
14
86%
15
84%
16
83%
18
83%
17
81%
19
76%
21
70%
20
65%
23
63%
22
57%
24
54%
25
48%
26
46%
27
46%
28
43%
29
41%
30
22%
31
21%
32
19%
33
17%
34
14%
35
14%
36
10%
37
10%
38
6%
39
5%
41
5%
40
3%
45
2%
46
2%
50
2%
42
0%
43
0%
44
0%
47
0%
48
0%
49
0%
Geen overeenkomende quizzen gevonden
Scoreverdeling
Procent van Mensen met Elke Score
Percentiel versus Aantal Correcte Antwoorden
Uw Scoregeschiedenis
U heeft deze quiz nog niet genomen